|
|
|
|
| LEADER |
01894nam a2200457 i 4500 |
| 001 |
EBC1634757 |
| 003 |
MiAaPQ |
| 005 |
20200520144314.0 |
| 006 |
m o d | |
| 007 |
cr cnu|||||||| |
| 008 |
140226t20142014enk ob 001 0 eng d |
| 020 |
|
|
|z 9781845196318
|
| 020 |
|
|
|a 9781782841395
|q (electronic bk.)
|
| 020 |
|
|
|a 9781782841401
|q (electronic bk.)
|
| 020 |
|
|
|a 9781782841418
|q (electronic bk.)
|
| 035 |
|
|
|a (MiAaPQ)EBC1634757
|
| 035 |
|
|
|a (Au-PeEL)EBL1634757
|
| 035 |
|
|
|a (CaPaEBR)ebr10838662
|
| 035 |
|
|
|a (CaONFJC)MIL576544
|
| 035 |
|
|
|a (OCoLC)874178531
|
| 040 |
|
|
|a MiAaPQ
|b eng
|e rda
|e pn
|c MiAaPQ
|d MiAaPQ
|
| 043 |
|
|
|a a-cc---
|
| 050 |
|
4 |
|a HC428.S47
|b .H674 2014
|
| 082 |
0 |
|
|a 330.951/132
|2 23
|
| 100 |
1 |
|
|a Horesh, Niv.
|
| 245 |
1 |
0 |
|a Shanghai, past and present :
|b a concise socio-economic history, 1842-2012 /
|c Niv Horesh.
|
| 264 |
|
1 |
|a Eastbourne, East Sussex, England :
|b Sussex Academic Press,
|c 2014.
|
| 264 |
|
4 |
|c 2014
|
| 300 |
|
|
|a 1 online resource (140 pages)
|
| 336 |
|
|
|a text
|2 rdacontent
|
| 337 |
|
|
|a computer
|2 rdamedia
|
| 338 |
|
|
|a online resource
|2 rdacarrier
|
| 504 |
|
|
|a Includes bibliographical references and index.
|
| 588 |
|
|
|a Description based on print version record.
|
| 590 |
|
|
|a Electronic reproduction. Ann Arbor, MI : ProQuest, 2015. Available via World Wide Web. Access may be limited to ProQuest affiliated libraries.
|
| 651 |
|
0 |
|a Shanghai (China)
|x Economic conditions.
|
| 651 |
|
0 |
|a Shanghai (China)
|x Social conditions.
|
| 655 |
|
4 |
|a Electronic books.
|
| 776 |
0 |
8 |
|i Print version:
|a Horesh, Niv.
|t Shanghai, past and present : a concise socio-economic history, 1842-2012.
|d Eastbourne, East Sussex, England : Sussex Academic Press, c2014
|h viii, 128 pages
|z 9781845196318
|w 2013048547
|
| 797 |
2 |
|
|a ProQuest (Firm)
|
| 856 |
4 |
0 |
|u https://ebookcentral.proquest.com/lib/matrademy/detail.action?docID=1634757
|z Click to View
|